| 000 | 004530000a22001810004500 | ||
|---|---|---|---|
| 003 | MACL | ||
| 005 | 20150816131045.0 | ||
| 008 | 150816b xxu||||| |||| 00| 0 eng d | ||
| 040 |
_aMACL _cMACL |
||
| 041 | _aEnglish | ||
| 082 | _a531.6/DAY | ||
| 100 |
_aDayal, Maheshwar _95842 |
||
| 245 |
_aEnergy _bToday And Tomorrow |
||
| 260 |
_bPublication Division _c1983 _aNew Delhi |
||
| 350 | _a15 | ||
| 650 |
_aNatural Science _92575 |
||
| 942 |
_cBK _k531.6 _2ddc |
||
| 999 |
_c5461 _d5461 |
||